Estatísticas para Andorra

Clique aqui para jogar o quiz

Estatísticas Gerais

  • Esse quiz foi jogado 8 vezes
  • A pontuação média é 6 de 13

Estatísticas das Respostas

HintResposta% Correto
Qual é a sua moeda?Euro
100%
Em que continue fica?Europa
100%
Em que península fica?Ibérica
100%
Qual é a sua religião?Cristianismo
86%
Qual é a sua capital?Andorra-a-Velha
71%
De que cor é a sua bandeira?Azul, amarelo e vermelho
43%
Qual é a sua língua oficial?Catalão
43%
Como se chama a cordilheira que ocupa parte do leste deste país?Pirinéus
29%
Qual é a sua maior fonte de rendimento?Turismo
29%
Qual é o produto mais produzido na região?Tabaco
14%
Como se chama o atual chefe do governo?Antoni Martí
0%
Qual é o seu ponto mais alto?Coma Pedrosa
0%
Como se chamava o poeta muito conhecido que viveu em Andorra durante a década de 1880?Jacint Verdaguer
0%

Distribuição das Pontuações

Percentil de Números Respondidos

Porcentagem de Pessoas com Cada Pontuação

Sua Pontuação Histórica

Você não jogou esse quiz